000 00622nam a22002177a 4500
003 UA-OsUOA
001 48232
007 ta
008 20070831b un ||||| |||| 00| 0 ukr d
090 _a82,09
_bИ99
942 _cBK
040 _aUA-OsUOA
_bukr
_cUA-OsUOA
_dUA-OsUOA
245 _aІсторія Українсько-російських літературних зв'язків
300 _a467 с.
955 _a2
041 _aukr
080 _a82,09
260 _aК.
_bНаукова думка
_c1987
650 7 _a82 Література. Літературознавство
_2UDC
999 _c334334
_d334334